Sports Quiz

Random Sports or Auto Racing Quiz

Formula 1 GP Winners Quiz Stats

 Plays Quiz not verified by Sporcle

Score 0/191 Timer 15:00
0 Plays Today
% Correct
Michael Schumacher
99.2%
Michael Schumacher
99.2%
Michael Schumacher
99.2%
Michael Schumacher
99.2%
Michael Schumacher
99.2%
Michael Schumacher
99.2%
Michael Schumacher
99.2%
Michael Schumacher
99.2%
Michael Schumacher
99.2%
Michael Schumacher
99.2%
Michael Schumacher
99.2%
Michael Schumacher
99.2%
Michael Schumacher
99.2%
Michael Schumacher
99.2%
Michael Schumacher
99.2%
Michael Schumacher
99.2%
Michael Schumacher
99.2%
Michael Schumacher
99.2%
Michael Schumacher
99.2%
Michael Schumacher
99.2%
Michael Schumacher
99.2%
Michael Schumacher
99.2%
Michael Schumacher
99.2%
Michael Schumacher
99.2%
Michael Schumacher
99.2%
Michael Schumacher
99.2%
Michael Schumacher
99.2%
Michael Schumacher
99.2%
Michael Schumacher
99.2%
Michael Schumacher
99.2%
Michael Schumacher
99.2%
Michael Schumacher
99.2%
Michael Schumacher
99.2%
Michael Schumacher
99.2%
Michael Schumacher
99.2%
Michael Schumacher
99.2%
Michael Schumacher
99.2%
Michael Schumacher
99.2%
Michael Schumacher
99.2%
Michael Schumacher
99.2%
Michael Schumacher
99.2%
Michael Schumacher
99.2%
Michael Schumacher
99.2%
Michael Schumacher
99.2%
Michael Schumacher
99.2%
Michael Schumacher
99.2%
Michael Schumacher
99.2%
Michael Schumacher
99.2%
Michael Schumacher
99.2%
Michael Schumacher
99.2%
Michael Schumacher
99.2%
Michael Schumacher
99.2%
Michael Schumacher
99.2%
Michael Schumacher
99.2%
Michael Schumacher
99.2%
Michael Schumacher
99.2%
Fernando Alonso
99%
Fernando Alonso
99%
Fernando Alonso
99%
Fernando Alonso
99%
Fernando Alonso
99%
Fernando Alonso
99%
Fernando Alonso
99%
Fernando Alonso
99%
% Correct
Fernando Alonso
99%
Fernando Alonso
99%
Fernando Alonso
99%
Fernando Alonso
99%
Fernando Alonso
99%
Fernando Alonso
99%
Fernando Alonso
99%
Fernando Alonso
99%
Fernando Alonso
99%
Fernando Alonso
99%
Fernando Alonso
99%
Fernando Alonso
99%
Fernando Alonso
99%
Fernando Alonso
99%
Fernando Alonso
99%
Fernando Alonso
99%
Fernando Alonso
99%
Jenson Button
98.7%
Jenson Button
98.7%
Jenson Button
98.7%
Jenson Button
98.7%
Jenson Button
98.7%
Jenson Button
98.7%
Jenson Button
98.7%
Jenson Button
98.7%
Jenson Button
98.7%
Lewis Hamilton
98.5%
Lewis Hamilton
98.5%
Lewis Hamilton
98.5%
Lewis Hamilton
98.5%
Lewis Hamilton
98.5%
Lewis Hamilton
98.5%
Lewis Hamilton
98.5%
Lewis Hamilton
98.5%
Lewis Hamilton
98.5%
Lewis Hamilton
98.5%
Lewis Hamilton
98.5%
Lewis Hamilton
98.5%
Lewis Hamilton
98.5%
Lewis Hamilton
98.5%
Ralf Schumacher
98.2%
Ralf Schumacher
98.2%
Ralf Schumacher
98.2%
Ralf Schumacher
98.2%
Ralf Schumacher
98.2%
Ralf Schumacher
98.2%
Ralf Schumacher
98.2%
Sebastian Vettel
98.2%
Sebastian Vettel
98.2%
Sebastian Vettel
98.2%
Sebastian Vettel
98.2%
Sebastian Vettel
98.2%
Sebastian Vettel
98.2%
Sebastian Vettel
98.2%
Sebastian Vettel
98.2%
Mark Webber
97.5%
Mark Webber
97.5%
Mark Webber
97.5%
Mark Webber
97.5%
Mark Webber
97.5%
Mark Webber
97.5%
Kimi Raikkonen
96.7%
Kimi Raikkonen
96.7%
Kimi Raikkonen
96.7%
% Correct
Kimi Raikkonen
96.7%
Kimi Raikkonen
96.7%
Kimi Raikkonen
96.7%
Kimi Raikkonen
96.7%
Kimi Raikkonen
96.7%
Kimi Raikkonen
96.7%
Felipe Massa
96.7%
Felipe Massa
96.7%
Kimi Raikkonen
96.7%
Felipe Massa
96.7%
Felipe Massa
96.7%
Kimi Raikkonen
96.7%
Kimi Raikkonen
96.7%
Felipe Massa
96.7%
Kimi Raikkonen
96.7%
Kimi Raikkonen
96.7%
Kimi Raikkonen
96.7%
Kimi Raikkonen
96.7%
Felipe Massa
96.7%
Kimi Raikkonen
96.7%
Felipe Massa
96.7%
Felipe Massa
96.7%
Felipe Massa
96.7%
Felipe Massa
96.7%
Felipe Massa
96.7%
Kimi Raikkonen
96.7%
David Coulthard
94.9%
David Coulthard
94.9%
David Coulthard
94.9%
David Coulthard
94.9%
David Coulthard
94.9%
David Coulthard
94.9%
David Coulthard
94.9%
Mika Hakkinen
94.4%
Mika Hakkinen
94.4%
Mika Hakkinen
94.4%
Mika Hakkinen
94.4%
Mika Hakkinen
94.4%
Mika Hakkinen
94.4%
Rubens Barrichello
93.6%
Rubens Barrichello
92.1%
Rubens Barrichello
92.1%
Rubens Barrichello
92.1%
Rubens Barrichello
92.1%
Rubens Barrichello
92.1%
Rubens Barrichello
92.1%
Rubens Barrichello
92.1%
Rubens Barrichello
92.1%
Rubens Barichello
90.8%
Juan Pablo Montoya
89.8%
Juan Pablo Montoya
89.8%
Juan Pablo Montoya
89.8%
Juan Pablo Montoya
89.8%
Juan Pablo Montoya
89.8%
Juan Pablo Montoya
89.8%
Juan Pablo Montoya
89.8%
Juan Pablo Montoya
89.8%
Jarno Trulli
88.8%
Giancarlo Fisichella
87.5%
Giancarlo Fisichella
87.5%
Giancarlo Fisichella
87.5%
Robert Kubica
87%
Heikki Kovalainen
83.5%

You're not logged in!

Compare scores with friends on all Sporcle quizzes.
OR
Log In

Show Comments

Extras

Top Quizzes Today


Score Distribution

Your Account Isn't Verified!

In order to create a playlist on Sporcle, you need to verify the email address you used during registration. Go to your Sporcle Settings to finish the process.

Report this User

Report this user for behavior that violates our Community Guidelines.

Details: